[Event "WinterChess sub 2200 enero 2013"]
[Site "Palma de Mallorca ESP"]
[Date "2013.01.13"]
[Round "2.26"]
[White "Alcover Balaguer, Jordi"]
[Black "Martinez Fernandez, Emma"]
[Result "1-0"]
[WhiteElo "1736"]
[BlackElo "1507"]
[PlyCount "51"]
[EventDate "2013.01.12"]
[EventType "swiss"]
[EventRounds "9"]
[EventCountry "ESP"]
[Source "lmi"]
[SourceDate "2013.01.12"]

1. d4 g6 2. c4 Bg7 3. e4 d6 4. Nc3 Nd7 5. Nf3 e5 6. Be2 Ne7 7. d5 h6 8. Be3 O-O
9. O-O f5 10. exf5 Nxf5 11. Bd2 Nf6 12. Bd3 g5 13. h3 Re8 14. Ne4 Nxe4 15. Bxe4
Qf6 16. Nh2 Nd4 17. Qh5 Bf5 18. Ng4 Bxg4 19. Qxg4 Re7 20. b4 c6 21. c5 dxc5 22.
bxc5 cxd5 23. Bxd5+ Kh8 24. Rab1 Rb8 25. Qe4 b6 26. c6 1-0

[Event "WinterChess sub 2200 enero 2013"]
[Site "Palma de Mallorca ESP"]
[Date "2013.01.13"]
[Round "2.28"]
[White "Jaume Pons, Antonio"]
[Black "Porcel Jimenez, Ramon"]
[Result "1/2-1/2"]
[WhiteElo "1716"]
[BlackElo "1447"]
[PlyCount "95"]
[EventDate "2013.01.12"]
[EventType "swiss"]
[EventRounds "9"]
[EventCountry "ESP"]
[Source "lmi"]
[SourceDate "2013.01.12"]

1. e4 e6 2. d4 d5 3. Nc3 Bb4 4. e5 c5 5. a3 Bxc3+ 6. bxc3 Nc6 7. Qg4 Nge7 8.
Qxg7 Rg8 9. Qxh7 cxd4 10. Ne2 Qb6 11. cxd4 Nxd4 12. Nc3 Bd7 13. Be3 Qb2 14.
Bxd4 Qxa1+ 15. Kd2 Qxa3 16. Qd3 Qa5 17. Kc1 Nf5 18. g3 Nxd4 19. Qxd4 Rc8 20.
Nb1 Bb5 21. Bd3 Bxd3 22. Qxd3 Qc5 23. Rf1 b5 24. Kd2 Qc4 25. Nc3 Qxd3+ 26. Kxd3
a6 27. Ra1 Ra8 28. Nxb5 Kd7 29. Nd6 Ke7 30. c4 dxc4+ 31. Kxc4 f6 32. f4 fxe5
33. fxe5 Rg4+ 34. Kc5 Rg5 35. Kd4 a5 36. Ra3 Rg4+ 37. Kc5 Rg5 38. Kd4 Rgg8 39.
h3 Rgb8 40. Kc5 a4 41. g4 Rb3 42. Ra2 Rxh3 43. Nc4 Rg3 44. Nb6 Rxg4 45. Nxa8
Re4 46. Nb6 Rxe5+ 47. Kd4 Rb5 48. Nxa4 1/2-1/2

[Event "WinterChess sub 2200 enero 2013"]
[Site "Palma de Mallorca ESP"]
[Date "2013.01.13"]
[Round "2.29"]
[White "Rossello Sanchez, Bartolome"]
[Black "Coll Verger, Amador"]
[Result "1-0"]
[WhiteElo "1345"]
[BlackElo "1712"]
[PlyCount "71"]
[EventDate "2013.01.12"]
[EventType "swiss"]
[EventRounds "9"]
[EventCountry "ESP"]
[Source "lmi"]
[SourceDate "2013.01.12"]

1. d4 Nf6 2. e3 e6 3. Nf3 b6 4. a3 Bb7 5. c4 Be7 6. Nbd2 O-O 7. Bd3 d5 8. b4
dxc4 9. Nxc4 Be4 10. Bb2 Qd5 11. Be2 Nbd7 12. Ncd2 Rad8 13. Rc1 Qb7 14. Nxe4
Nxe4 15. Bd3 f5 16. Bc4 Rf6 17. d5 Rg6 18. g3 Ndf6 19. Ne5 Nxd5 20. Nxg6 hxg6
21. Qa4 c6 22. Qd1 Nf4 23. Qf3 Nd3+ 24. Bxd3 Rxd3 25. Rd1 Rxd1+ 26. Qxd1 c5 27.
O-O cxb4 28. axb4 Bxb4 29. Qd4 a5 30. Rd1 Ng5 31. Qd8+ Kh7 32. Qxg5 Be7 33. Qf4
g5 34. Qc4 Qf3 35. Rd7 Bb4 36. Rxg7+ 1-0

[Event "WinterChess sub 2200 enero 2013"]
[Site "Palma de Mallorca ESP"]
[Date "2013.01.14"]
[Round "3.1"]
[White "Ponce Cano, Adrian"]
[Black "Bestard Borras, Miguel"]
[Result "0-1"]
[WhiteElo "2078"]
[BlackElo "2178"]
[PlyCount "114"]
[EventDate "2013.01.12"]
[EventType "swiss"]
[EventRounds "9"]
[EventCountry "ESP"]
[Source "lmi"]
[SourceDate "2013.01.12"]

1. e4 c5 2. Nf3 e6 3. c3 Nf6 4. e5 Nd5 5. d4 cxd4 6. cxd4 d6 7. Nc3 Nxc3 8.
bxc3 Qc7 9. Qb3 Nc6 10. Bf4 dxe5 11. Bxe5 Nxe5 12. Nxe5 Bd6 13. Bb5+ Ke7 14.
O-O a6 15. Bd3 Bxe5 16. dxe5 Qxe5 17. Rfe1 Qc5 18. Rad1 Rd8 19. Bxh7 Rxd1 20.
Rxd1 g6 21. Qb2 b5 22. Qd2 Qd5 23. Qc2 Qc6 24. Qc1 Bb7 25. Qg5+ Kf8 26. Bxg6
Qxg2+ 27. Qxg2 Bxg2 28. Bxf7 Bd5 29. Bh5 Ke7 30. h3 Rc8 31. Rd3 Bxa2 32. Bg4 a5
33. h4 a4 34. Re3 Bc4 35. Re1 Bd5 36. Be2 Rxc3 37. Bxb5 a3 38. Ra1 Rh3 39. f3
Rxf3 40. Bf1 a2 41. h5 Rc3 42. h6 Kf6 43. Kf2 Kg6 44. Ke2 Kxh6 45. Kd2 Ra3 46.
Bd3 Kg5 47. Bc2 Kf4 48. Bd3 Rxd3+ 49. Kxd3 Be4+ 50. Ke2 Bb1 51. Kf2 Ke4 52. Ke2
e5 53. Kd2 Kf3 54. Ke1 Ke3 55. Kd1 Kf2 56. Kd2 e4 57. Kd1 e3 0-1

[Event "WinterChess sub 2200 enero 2013"]
[Site "Palma de Mallorca ESP"]
[Date "2013.01.14"]
[Round "3.2"]
[White "Gaya Llodra, Juan"]
[Black "Munar Rossello, Pedro"]
[Result "1/2-1/2"]
[WhiteElo "2173"]
[BlackElo "2076"]
[PlyCount "38"]
[EventDate "2013.01.12"]
[EventType "swiss"]
[EventRounds "9"]
[EventCountry "ESP"]
[Source "lmi"]
[SourceDate "2013.01.12"]

1. d4 Nf6 2. Nf3 c5 3. d5 b5 4. g3 Bb7 5. c4 e6 6. dxe6 fxe6 7. cxb5 Qb6 8. Bg2
Qxb5 9. O-O Be7 10. Nc3 Qb6 11. e4 O-O 12. Re1 Na6 13. e5 Nd5 14. Ne4 c4 15.
Bg5 Bxg5 16. Nfxg5 h6 17. Nf3 Nc5 18. Nxc5 Qxc5 19. Qd4 Qb4 1/2-1/2

[Event "WinterChess sub 2200 enero 2013"]
[Site "Palma de Mallorca ESP"]
[Date "2013.01.14"]
[Round "3.3"]
[White "Schenk Papke, Andres"]
[Black "Shen, Yue"]
[Result "0-1"]
[WhiteElo "2046"]
[BlackElo "2150"]
[PlyCount "98"]
[EventDate "2013.01.12"]
[EventType "swiss"]
[EventRounds "9"]
[EventCountry "ESP"]
[Source "lmi"]
[SourceDate "2013.01.12"]

1. Nf3 Nf6 2. c4 e6 3. g3 Be7 4. Bg2 O-O 5. O-O d5 6. b3 b6 7. Bb2 Bb7 8. d4
dxc4 9. bxc4 c5 10. e3 cxd4 11. exd4 Nc6 12. Nbd2 Rc8 13. Rc1 Rc7 14. Qa4 Qd7
15. Kh1 Na5 16. Qd1 Qc8 17. Ne5 Bxg2+ 18. Kxg2 Nc6 19. f4 Qa6 20. Ndf3 Qxa2 21.
Rf2 Nxe5 22. Nxe5 Qa6 23. Qe2 Rd8 24. Kg1 Qb7 25. Re1 Bb4 26. Rb1 a5 27. g4 Qe4
28. Qf1 Nd7 29. Re2 Qb7 30. Nxd7 Rcxd7 31. f5 exf5 32. Qxf5 Re7 33. Rxe7 Qxe7
34. Rf1 Qe6 35. Qxe6 fxe6 36. Rf3 Rf8 37. Re3 Rf4 38. h3 Kf7 39. Kg2 g6 40. Re5
a4 41. Rb5 Be7 42. Rxb6 a3 43. Ba1 e5 44. d5 Bc5 45. Rb7+ Kf6 46. Rc7 Rxc4 47.
g5+ Kf5 48. Rxh7 Rc2+ 49. Kg3 Bf2+ 0-1

[Event "WinterChess sub 2200 enero 2013"]
[Site "Palma de Mallorca ESP"]
[Date "2013.01.14"]
[Round "3.4"]
[White "Torres Tur, Juan"]
[Black "Guerreiro, Nuno"]
[Result "0-1"]
[WhiteElo "2045"]
[BlackElo "2085"]
[PlyCount "80"]
[EventDate "2013.01.12"]
[EventType "swiss"]
[EventRounds "9"]
[EventCountry "ESP"]
[Source "lmi"]
[SourceDate "2013.01.12"]

1. d4 d5 2. Nf3 Nc6 3. Bf4 Bg4 4. e3 e6 5. c4 Nf6 6. Nc3 Bb4 7. Be2 O-O 8. O-O
Bxc3 9. bxc3 Ne4 10. Qc2 Ne7 11. h3 Bxf3 12. Bxf3 f5 13. cxd5 exd5 14. c4 c6
15. cxd5 Qxd5 16. Rab1 b6 17. Rfc1 h6 18. a4 Rf6 19. Bxe4 fxe4 20. Qc4 Raf8 21.
Rb2 Kh7 22. Be5 Re6 23. Rbc2 Qd7 24. Qe2 Rg6 25. Qh5 Rg5 26. Qh4 Qd5 27. g4 Ng6
28. Qg3 Nxe5 29. dxe5 c5 30. e6 Qxe6 31. Rd1 Rd5 32. Rcd2 Rfd8 33. Rxd5 Rxd5
34. Rxd5 Qxd5 35. Qf4 c4 36. Qc7 Qc5 37. Qxc5 bxc5 38. Kf1 Kg6 39. h4 h5 40.
Ke2 hxg4 0-1

[Event "WinterChess sub 2200 enero 2013"]
[Site "Palma de Mallorca ESP"]
[Date "2013.01.14"]
[Round "3.5"]
[White "Martinez Vicario, Jose Maria"]
[Black "Crespi Lopez, Juan"]
[Result "0-1"]
[WhiteElo "2131"]
[BlackElo "1972"]
[PlyCount "142"]
[EventDate "2013.01.12"]
[EventType "swiss"]
[EventRounds "9"]
[EventCountry "ESP"]
[Source "lmi"]
[SourceDate "2013.01.12"]

1. e4 c5 2. Nc3 Nc6 3. g3 g6 4. Bg2 Bg7 5. d3 d6 6. Be3 e6 7. Qd2 Rb8 8. f4
Nge7 9. Nf3 O-O 10. O-O Nd4 11. Nd1 b5 12. c3 Nxf3+ 13. Bxf3 b4 14. Nf2 bxc3
15. bxc3 Qa5 16. Rac1 Qa3 17. Rc2 Bd7 18. Qe1 Qa4 19. Qd2 Qa3 20. Qe1 Qa4 21.
Bd1 Qa5 22. Rc1 Qxa2 23. Bf3 Qa5 24. Qd2 Rb3 25. Ra1 Qb6 26. e5 Nf5 27. Ne4
Nxe3 28. Qxe3 dxe5 29. Qxc5 exf4 30. d4 Rxc3 31. Qxb6 axb6 32. Nxc3 Bxd4+ 33.
Kg2 Bxc3 34. Ra7 Be8 35. gxf4 b5 36. Rd1 b4 37. Rb7 Ba4 38. Rc1 Rd8 39. Be4 Rd4
40. Kf3 Rxe4 41. Rb8+ Kg7 42. Kxe4 Bb2 43. Rc7 Bc3 44. Rbb7 Kh6 45. Kd3 Be8 46.
Re7 Bc6 47. Rb6 Bd5 48. Rd6 f5 49. Rdd7 Kh5 50. Rxh7+ Kg4 51. Ke3 Bb2 52. Rh6
Bc1+ 53. Kd4 Kxf4 54. Rxg6 b3 55. Rg3 b2 56. Rh7 Be3+ 57. Kc3 b1=Q 58. Rh4+ Ke5
59. Rxe3+ Kd6 60. Rf4 Qc1+ 61. Kd3 Be4+ 62. Ke2 Qc2+ 63. Ke1 Qxh2 64. Rf2 Qg1+
65. Ke2 Ke5 66. Rf1 Qg4+ 67. Kd2 Kd4 68. Ra1 Qg2+ 69. Re2 Qg5+ 70. Kd1 Bf3 71.
Ra4+ Kd5 0-1

[Event "WinterChess sub 2200 enero 2013"]
[Site "Palma de Mallorca ESP"]
[Date "2013.01.14"]
[Round "3.6"]
[White "Vich Ramirez, Carles"]
[Black "Sanchez Fernandez, Jose Joaqui"]
[Result "1-0"]
[WhiteElo "2126"]
[BlackElo "1989"]
[PlyCount "73"]
[EventDate "2013.01.12"]
[EventType "swiss"]
[EventRounds "9"]
[EventCountry "ESP"]
[Source "lmi"]
[SourceDate "2013.01.12"]

1. e4 e6 2. d3 d5 3. Nd2 Nf6 4. Ngf3 c5 5. g3 Nc6 6. Bg2 Be7 7. O-O O-O 8. Re1
b5 9. e5 Nd7 10. Nf1 a5 11. h4 b4 12. N1h2 Ba6 13. Bf4 a4 14. Ng5 Bxg5 15. hxg5
a3 16. b3 Nd4 17. Rc1 Rc8 18. Qh5 Kh8 19. Re3 g6 20. Qh3 Nf5 21. Ree1 c4 22.
dxc4 dxc4 23. Rcd1 cxb3 24. cxb3 Rc7 25. Ng4 Rg8 26. Nf6 Rg7 27. g4 Ne7 28. Rd6
Qc8 29. Red1 Bb5 30. Qe3 Nd5 31. Bxd5 exd5 32. R1xd5 Qb7 33. Rb6 Nxf6 34. Rd8+
Ne8 35. Rxb7 Rxb7 36. e6 Re7 37. Qc5 1-0

[Event "WinterChess sub 2200 enero 2013"]
[Site "Palma de Mallorca ESP"]
[Date "2013.01.14"]
[Round "3.7"]
[White "Planas Gene, Juan"]
[Black "Asensio Ramos, Enrique Fernando"]
[Result "1/2-1/2"]
[WhiteElo "2109"]
[BlackElo "1904"]
[PlyCount "120"]
[EventDate "2013.01.12"]
[EventType "swiss"]
[EventRounds "9"]
[EventCountry "ESP"]
[Source "lmi"]
[SourceDate "2013.01.12"]

1. d4 Nf6 2. c4 e5 3. dxe5 Ne4 4. Nf3 Bb4+ 5. Nbd2 Nc6 6. a3 Nxd2 7. Bxd2 Bxd2+
8. Qxd2 Qe7 9. Qc3 b6 10. e3 O-O 11. Be2 Re8 12. O-O-O Nxe5 13. Qxe5 Qxe5 14.
Nxe5 Rxe5 15. Bf3 Rb8 16. Rd5 f6 17. Rhd1 d6 18. Kc2 Bd7 19. Kc3 Kf7 20. b4 Bc6
21. Rxe5 Bxf3 22. Red5 Bxd1 23. Rxd1 Ke6 24. Rd4 f5 25. f3 c6 26. e4 f4 27. Rd2
g5 28. g3 fxg3 29. hxg3 Rf8 30. Rf2 h5 31. Kd4 a5 32. f4 c5+ 33. Ke3 gxf4+ 34.
gxf4 cxb4 35. axb4 axb4 36. Kd4 h4 37. f5+ Kf6 38. Kd5 Re8 39. Re2 h3 40. Rh2
Rh8 41. Kxd6 b3 42. Kd5 b2 43. Rxb2 h2 44. Rxb6+ Kg5 45. Rb1 h1=Q 46. Rxh1 Rxh1
47. c5 Kf6 48. c6 Rd1+ 49. Kc5 Ke7 50. e5 Re1 51. Kd5 Rd1+ 52. Kc5 Rc1+ 53. Kd5
Rc2 54. f6+ Kf7 55. Kd6 Rd2+ 56. Kc7 Ke6 57. Kc8 Kxe5 58. c7 Ke6 59. f7 Kxf7
60. Kb7 Rb2+ 1/2-1/2

[Event "WinterChess sub 2200 enero 2013"]
[Site "Palma de Mallorca ESP"]
[Date "2013.01.14"]
[Round "3.8"]
[White "Oliver Marquet, Juan"]
[Black "Vallespir Salor, Gabriel"]
[Result "0-1"]
[WhiteElo "1857"]
[BlackElo "2102"]
[PlyCount "50"]
[EventDate "2013.01.12"]
[EventType "swiss"]
[EventRounds "9"]
[EventCountry "ESP"]
[Source "lmi"]
[SourceDate "2013.01.12"]

1. d4 d5 2. c4 c6 3. e3 Nf6 4. Nc3 g6 5. Nf3 Bg7 6. c5 O-O 7. Qc2 Nbd7 8. Bd3
e5 9. dxe5 Ng4 10. b4 a5 11. Ba3 axb4 12. Bxb4 Ndxe5 13. Nxe5 Nxe5 14. Be2 d4
15. Rd1 Qg5 16. exd4 Qxg2 17. Qe4 Qxe4 18. Nxe4 Ng4 19. Nd6 Be6 20. a3 Bd5 21.
f3 Ne3 22. Rd2 Ra7 23. Rg1 Bxd4 24. Rxd4 Nc2+ 25. Kf2 Nxd4 0-1

[Event "WinterChess sub 2200 enero 2013"]
[Site "Palma de Mallorca ESP"]
[Date "2013.01.14"]
[Round "3.9"]
[White "Nadal Bestard, Sebastia"]
[Black "Queirolo Perez, Manuel"]
[Result "0-1"]
[WhiteElo "1852"]
[BlackElo "2096"]
[PlyCount "100"]
[EventDate "2013.01.12"]
[EventType "swiss"]
[EventRounds "9"]
[EventCountry "ESP"]
[Source "lmi"]
[SourceDate "2013.01.12"]

1. d4 Nf6 2. c4 c5 3. d5 b5 4. Nf3 bxc4 5. Nc3 d6 6. e4 Nbd7 7. Qa4 Qb6 8. Bxc4
Qb4 9. Bb5 Rb8 10. O-O a6 11. Bc6 Bb7 12. Bd2 Bxc6 13. dxc6 Qxa4 14. Nxa4 Nxe4
15. cxd7+ Kxd7 16. Ba5 g6 17. Rad1 Bg7 18. Nd2 Nxd2 19. Rxd2 Rb5 20. Bc3 Bxc3
21. Nxc3 Rb7 22. Re1 Rhb8 23. b3 Kc6 24. f3 e6 25. Ne4 Rd8 26. Rc1 Rbb8 27. Ng5
Rd7 28. Nxh7 f5 29. Ng5 e5 30. Nh3 a5 31. Nf2 a4 32. bxa4 Rb4 33. Nd3 Rd4 34.
a3 Rb7 35. Nb4+ Rbxb4 36. axb4 Rxd2 37. a5 Ra2 38. h4 Ra4 39. Kf2 Rxb4 40. Ra1
Kb7 41. a6+ Ka7 42. Ra5 Rb6 43. Ra1 f4 44. g4 Rb2+ 45. Kg1 c4 46. Rc1 d5 47. h5
gxh5 48. gxh5 Rb6 49. Re1 c3 50. Re2 d4 0-1

[Event "WinterChess sub 2200 enero 2013"]
[Site "Palma de Mallorca ESP"]
[Date "2013.01.14"]
[Round "3.10"]
[White "Prill, Gerhard"]
[Black "Orcera Gomez, Francisco"]
[Result "0-1"]
[WhiteElo "2056"]
[BlackElo "1783"]
[PlyCount "87"]
[EventDate "2013.01.12"]
[EventType "swiss"]
[EventRounds "9"]
[EventCountry "ESP"]
[Source "lmi"]
[SourceDate "2013.01.12"]

1. e4 c5 2. Nf3 Nc6 3. d4 cxd4 4. Nxd4 Nf6 5. Nc3 g6 6. Be3 Bg7 7. Bc4 O-O 8.
h4 a6 9. h5 e6 10. hxg6 fxg6 11. Nxc6 bxc6 12. e5 Nd5 13. Bxd5 cxd5 14. f4 Rb8
15. b3 Bb7 16. Qg4 Qa5 17. Bd2 Qc5 18. Rc1 Bc6 19. a4 Rf5 20. Ne2 d4 21. Ng3
Rf7 22. Qh3 Bh8 23. Rf1 Qd5 24. Rf2 d6 25. exd6 Qxd6 26. Re2 e5 27. Ne4 Bxe4
28. Rxe4 Qd5 29. Qf3 Re8 30. b4 Ref8 31. g4 exf4 32. Kf2 g5 33. Rce1 Qc6 34.
Qd3 Qxa4 35. Qc4 Qb5 36. Qb3 Qb6 37. Re6 Qb7 38. Re7 Qc8 39. R7e6 Bg7 40. Re7
Qxg4 41. Rxf7 Rxf7 42. Re7 Qg3+ 43. Kf1 Qxb3 44. Re8+ 0-1

[Event "WinterChess sub 2200 enero 2013"]
[Site "Palma de Mallorca ESP"]
[Date "2013.01.14"]
[Round "3.11"]
[White "Gimenez Garcia, Emilio"]
[Black "Llorens Hofman, Ivan"]
[Result "0-1"]
[WhiteElo "1840"]
[BlackElo "2036"]
[PlyCount "44"]
[EventDate "2013.01.12"]
[EventType "swiss"]
[EventRounds "9"]
[EventCountry "ESP"]
[Source "lmi"]
[SourceDate "2013.01.12"]

1. d4 Nf6 2. Bf4 g6 3. e3 Bg7 4. Be2 O-O 5. Nd2 d6 6. h4 h6 7. g4 e5 8. dxe5
dxe5 9. Bg3 Nc6 10. c3 Be6 11. Rh2 Qe7 12. g5 hxg5 13. hxg5 Nh7 14. Qa4 Qxg5
15. O-O-O Qe7 16. Ngf3 a6 17. Rdh1 b5 18. Qe4 Nf6 19. Qh4 Rfd8 20. Ng5 Bxa2 21.
Nh7 Nxh7 22. Qxh7+ Kf8 0-1

[Event "WinterChess sub 2200 enero 2013"]
[Site "Palma de Mallorca ESP"]
[Date "2013.01.14"]
[Round "3.12"]
[White "Perez Prieto, German"]
[Black "Bergas Ferriol, Jeronimo"]
[Result "1-0"]
[WhiteElo "1839"]
[BlackElo "2050"]
[PlyCount "71"]
[EventDate "2013.01.12"]
[EventType "swiss"]
[EventRounds "9"]
[EventCountry "ESP"]
[Source "lmi"]
[SourceDate "2013.01.12"]

1. Nf3 d6 2. d4 Nf6 3. c4 g6 4. Nc3 Bg7 5. e4 O-O 6. h3 Nbd7 7. Be3 c6 8. Be2
a6 9. a4 e5 10. d5 cxd5 11. cxd5 h6 12. a5 Kh7 13. Nd2 b5 14. axb6 Nxb6 15. O-O
Nfd7 16. b4 f5 17. f3 f4 18. Bf2 Rg8 19. Na4 Bf6 20. Nxb6 Nxb6 21. b5 a5 22.
Nc4 Nxc4 23. Bxc4 Bh4 24. Qe1 Bxf2+ 25. Qxf2 Rg7 26. Rfb1 Rc7 27. Bf1 Bd7 28.
Qb6 Bxh3 29. gxh3 Rac8 30. Rb2 Qg5+ 31. Rg2 Qh5 32. Qxd6 Rg7 33. Rg4 Rc2 34.
Qf6 g5 35. Qxe5 Qe8 36. Qxe8 1-0

[Event "WinterChess sub 2200 enero 2013"]
[Site "Palma de Mallorca ESP"]
[Date "2013.01.14"]
[Round "3.13"]
[White "Valls Casas, Jordi"]
[Black "Moya Pol, Antonio"]
[Result "0-1"]
[WhiteElo "2030"]
[BlackElo "1854"]
[PlyCount "84"]
[EventDate "2013.01.12"]
[EventType "swiss"]
[EventRounds "9"]
[EventCountry "ESP"]
[Source "lmi"]
[SourceDate "2013.01.12"]

1. d4 d5 2. Nf3 c5 3. dxc5 e6 4. Be3 Nc6 5. c3 Nf6 6. h3 Ne4 7. Nbd2 Nxc5 8.
Bxc5 Bxc5 9. Nb3 Bb6 10. e3 O-O 11. Qc2 Qc7 12. Bd3 h6 13. O-O Bd7 14. Rac1
Rac8 15. Rfe1 Qd6 16. Qe2 Bc7 17. Nbd2 f5 18. c4 e5 19. c5 Qf6 20. Bc2 e4 21.
Nh2 Qxb2 22. Ndf1 Nb4 23. Rb1 Qxc2 24. Rxb4 Qxe2 25. Rxe2 Bc6 26. Nd2 a5 27.
Rb1 a4 28. Nhf1 f4 29. Ree1 Rf5 30. f3 Rcf8 31. exf4 Bxf4 32. Ne3 Bxe3+ 33.
Rxe3 d4 34. Ree1 e3 35. Ne4 Bxe4 36. fxe4 Rxc5 37. Re2 b5 38. Rb4 Rc1+ 39. Kh2
Rf2 40. Rbb2 Rxe2 41. Rxe2 d3 42. Rxe3 d2 0-1

[Event "WinterChess sub 2200 enero 2013"]
[Site "Palma de Mallorca ESP"]
[Date "2013.01.14"]
[Round "3.14"]
[White "Gromovs, Sergejs"]
[Black "Oliver Font, Jose Luis"]
[Result "1-0"]
[WhiteElo "2001"]
[BlackElo "1838"]
[PlyCount "75"]
[EventDate "2013.01.12"]
[EventType "swiss"]
[EventRounds "9"]
[EventCountry "ESP"]
[Source "lmi"]
[SourceDate "2013.01.12"]

1. d4 Nf6 2. c4 c5 3. d5 b5 4. cxb5 a6 5. Nc3 g6 6. e4 d6 7. f4 Nfd7 8. Nf3 Bg7
9. bxa6 Bxa6 10. Bxa6 Nxa6 11. O-O O-O 12. Qe2 Qb8 13. Kh1 Nb4 14. Be3 c4 15.
Bd4 Nd3 16. Bxg7 Kxg7 17. b3 N7c5 18. bxc4 Nxf4 19. Qe3 Nfd3 20. Nb5 Ra4 21.
Qd4+ Kg8 22. Rad1 Nb4 23. a3 Nba6 24. e5 Nb3 25. Qe3 Nbc5 26. exd6 exd6 27. Rd4
f5 28. Ng5 Ne4 29. Nxe4 fxe4 30. Rxf8+ Qxf8 31. Kg1 Nc5 32. Qg3 Ra6 33. h4 Qf6
34. Rd1 Nd3 35. Rf1 Qe5 36. Qe3 Kg7 37. Nc7 Nc5 38. Nxa6 1-0

[Event "WinterChess sub 2200 enero 2013"]
[Site "Palma de Mallorca ESP"]
[Date "2013.01.14"]
[Round "3.15"]
[White "Cerdo Fernandez, Miguel"]
[Black "Alcover Balaguer, Jordi"]
[Result "1-0"]
[WhiteElo "1946"]
[BlackElo "1736"]
[PlyCount "65"]
[EventDate "2013.01.12"]
[EventType "swiss"]
[EventRounds "9"]
[EventCountry "ESP"]
[Source "lmi"]
[SourceDate "2013.01.12"]

1. e4 e6 2. d4 d5 3. Nc3 Bb4 4. e5 c5 5. Bd2 cxd4 6. Nb5 Bc5 7. Qg4 Kf8 8.
O-O-O Nc6 9. Nf3 a6 10. Nbxd4 Qb6 11. Bc3 Nh6 12. Qf4 Nxd4 13. Bxd4 Bd7 14. g4
Ke7 15. Qg5+ Kf8 16. Bxc5+ Qxc5 17. Nd4 Rc8 18. h4 Ng8 19. Rh3 Ne7 20. Rc3 Qb6
21. Rxc8+ Bxc8 22. Qe3 Qc7 23. f4 Nc6 24. Qc3 Ke7 25. Bxa6 Kd7 26. Bb5 Qb6 27.
f5 Kd8 28. Bxc6 bxc6 29. Nxc6+ Kd7 30. fxe6+ fxe6 31. Rf1 Bb7 32. Rf7+ Ke8 33.
Re7+ 1-0

[Event "WinterChess sub 2200 enero 2013"]
[Site "Palma de Mallorca ESP"]
[Date "2013.01.14"]
[Round "3.16"]
[White "Aguilo Pons, Francesc"]
[Black "Garcia Comendador, Simon"]
[Result "1-0"]
[WhiteElo "1944"]
[BlackElo "1643"]
[PlyCount "81"]
[EventDate "2013.01.12"]
[EventType "swiss"]
[EventRounds "9"]
[EventCountry "ESP"]
[Source "lmi"]
[SourceDate "2013.01.12"]

1. e4 e5 2. Nf3 f6 3. d4 exd4 4. Nxd4 Ne7 5. Bc4 Nbc6 6. c3 Ne5 7. Bb3 c5 8.
Nb5 N7c6 9. N1a3 a6 10. Nd6+ Bxd6 11. Qxd6 Qe7 12. Qxe7+ Kxe7 13. f4 Nd3+ 14.
Ke2 Nxc1+ 15. Raxc1 b5 16. Bd5 Re8 17. Kf3 Bb7 18. Rhe1 Kf8 19. Nc2 Na5 20. Ne3
Bc6 21. Rcd1 Rad8 22. Rd2 Nb7 23. Red1 c4 24. b4 g6 25. g4 Kg7 26. Bxc6 dxc6
27. Rd7+ Kg8 28. Rxb7 Rxd1 29. Nxd1 Rd8 30. Ke2 Re8 31. Nf2 Rc8 32. Ra7 c5 33.
bxc5 Rxc5 34. Rxa6 Kf7 35. Nd1 h5 36. h3 f5 37. gxf5 gxf5 38. e5 Rd5 39. Nf2
Ke7 40. a4 bxa4 41. Rxa4 1-0

[Event "WinterChess sub 2200 enero 2013"]
[Site "Palma de Mallorca ESP"]
[Date "2013.01.14"]
[Round "3.17"]
[White "Fullana Benito, David"]
[Black "Nadal Marti, Bernardo Pedro"]
[Result "1/2-1/2"]
[WhiteElo "1825"]
[BlackElo "1941"]
[PlyCount "100"]
[EventDate "2013.01.12"]
[EventType "swiss"]
[EventRounds "9"]
[EventCountry "ESP"]
[Source "lmi"]
[SourceDate "2013.01.12"]

1. d4 d5 2. Nf3 Nf6 3. Bf4 Bf5 4. e3 e6 5. Bd3 Bxd3 6. cxd3 c5 7. O-O Nc6 8.
Ne5 cxd4 9. Nxc6 bxc6 10. Qa4 Qb6 11. exd4 Be7 12. Rc1 O-O 13. Rc2 Rac8 14. Nd2
Nh5 15. Be3 f5 16. Nb3 f4 17. Bd2 Qb5 18. Qxb5 cxb5 19. Rac1 Rxc2 20. Rxc2 Bf6
21. Rc6 Re8 22. g4 fxg3 23. hxg3 g6 24. Ra6 Re7 25. Bb4 Re8 26. Rxa7 e5 27.
dxe5 Rxe5 28. d4 Re4 29. Bc5 Re2 30. Ba3 b4 31. Bxb4 Rxb2 32. Bc5 Ng7 33. Ra8+
Kf7 34. Kg2 Ke6 35. Ra6+ Kf5 36. Kf3 h5 37. Rd6 Rxa2 38. Rxd5+ Ke6 39. Rd6+ Kf7
40. d5 Nf5 41. Rd7+ Ke8 42. Rb7 Rb2 43. Ba3 Nd4+ 44. Nxd4 Rxb7 45. Ke4 Ra7 46.
Bc5 Ra4 47. d6 Kd7 48. Kd5 Ra2 49. Nb3 Bg7 50. Be3 Rc2 1/2-1/2

[Event "WinterChess sub 2200 enero 2013"]
[Site "Palma de Mallorca ESP"]
[Date "2013.01.14"]
[Round "3.18"]
[White "Fiol Company, Juan"]
[Black "Rossello Sanchez, Bartolome"]
[Result "1-0"]
[WhiteElo "1935"]
[BlackElo "1345"]
[PlyCount "35"]
[EventDate "2013.01.12"]
[EventType "swiss"]
[EventRounds "9"]
[EventCountry "ESP"]
[Source "lmi"]
[SourceDate "2013.01.12"]

1. e4 e5 2. Nf3 d6 3. d4 Nf6 4. dxe5 Nxe4 5. Bc4 h6 6. Qd5 Be6 7. Qxb7 Nd7 8.
Qxe4 Nc5 9. Bb5+ Ke7 10. Qh4+ f6 11. O-O dxe5 12. Nxe5 g5 13. Nc6+ Kd6 14. Qg3+
Kd7 15. Rd1+ Bd6 16. Nxd8+ Kxd8 17. Rxd6+ Nd7 18. Rxe6 1-0

[Event "WinterChess sub 2200 enero 2013"]
[Site "Palma de Mallorca ESP"]
[Date "2013.01.14"]
[Round "3.19"]
[White "Terradas Calafell, Jaume"]
[Black "Gallardo Pina, Neus"]
[Result "1-0"]
[WhiteElo "1784"]
[BlackElo "1891"]
[PlyCount "101"]
[EventDate "2013.01.12"]
[EventType "swiss"]
[EventRounds "9"]
[EventCountry "ESP"]
[Source "lmi"]
[SourceDate "2013.01.12"]

1. e4 c5 2. Nf3 Nc6 3. d4 cxd4 4. Nxd4 e5 5. Nb5 a6 6. Nd6+ Bxd6 7. Qxd6 Qf6 8.
Qd2 Nge7 9. c4 Nd4 10. Nc3 O-O 11. b3 Qg6 12. f3 d6 13. Bd3 f5 14. Qg5 Rf6 15.
Kf2 Qf7 16. Qd2 Qh5 17. Qg5 Qf7 18. Qd2 f4 19. Ne2 Nec6 20. Bb2 Ne6 21. Rac1
Qh5 22. Kf1 Ng5 23. Ng1 Ne7 24. c5 Nf7 25. cxd6 Rxd6 26. Ba3 Rd7 27. Qc2 Nc6
28. Ne2 Rd8 29. Qc5 h6 30. Nxf4 Qg5 31. Nd5 Qd2 32. Qc2 Qa5 33. Bc5 Be6 34. b4
Qa3 35. b5 Qa5 36. bxc6 Bxd5 37. exd5 Rxd5 38. cxb7 Rad8 39. Qc3 Qxa2 40. b8=Q
Rxb8 41. Bc4 Rxc5 42. Bxf7+ Kxf7 43. Qxc5 Rb1 44. Ke1 Qb2 45. Qc4+ Ke8 46. Kd1
Rxc1+ 47. Qxc1 Qxg2 48. Qc6+ Kf7 49. Re1 Qb2 50. Qd5+ Kf8 51. Rxe5 1-0

[Event "WinterChess sub 2200 enero 2013"]
[Site "Palma de Mallorca ESP"]
[Date "2013.01.14"]
[Round "3.20"]
[White "Dominguez Marquez, Juan Carlos"]
[Black "Figuerola Campins, Antonio"]
[Result "0-1"]
[WhiteElo "1738"]
[BlackElo "1889"]
[PlyCount "69"]
[EventDate "2013.01.12"]
[EventType "swiss"]
[EventRounds "9"]
[EventCountry "ESP"]
[Source "lmi"]
[SourceDate "2013.01.12"]

1. e4 c5 2. Nf3 g6 3. d4 cxd4 4. Nxd4 Bg7 5. Nc3 Nc6 6. Be3 Nf6 7. h3 O-O 8.
Be2 d5 9. Nxc6 bxc6 10. exd5 Nxd5 11. Nxd5 cxd5 12. c3 Qa5 13. O-O Rb8 14. Qd2
Rd8 15. Rfd1 Bf5 16. g4 Bc8 17. Bf3 Bb7 18. Bg2 e5 19. Bh6 Bh8 20. Bg5 Rd7 21.
Bh4 Qb6 22. Bg3 Rbd8 23. Re1 Re8 24. Rad1 f5 25. gxf5 gxf5 26. Qg5+ Qg6 27.
Qxg6+ hxg6 28. f3 Ba6 29. Bf1 Bxf1 30. Kxf1 Kf7 31. Re2 Kf6 32. h4 Ree7 33. Be1
f4 34. Rg2 Bg7 35. Rgd2 0-1